| 000 | 01329nabaa22002177a 4500 | ||
|---|---|---|---|
| 999 |
_c6163 _d6163 |
||
| 003 | OSt | ||
| 005 | 20260123204732.0 | ||
| 008 | 190701b xxu||||| |||| 00| 0 spa d | ||
| 040 | _cPJ | ||
| 100 |
_96909 _aSalgan Ruiz, Pablo |
||
| 245 | 1 | 3 |
_aLos dictámenes de la Procuración del Tesoro de la Nación : _cuna fuente estratégica del derecho administrativo / _bPablo Salgán Ruiz. |
| 300 | _ap. 70-94 | ||
| 500 | _aCita: TR LALEY AR/DOC/452/2024 | ||
| 505 | _aSumario: I. Planteo del tema.— II. Marco teórico de la investigación.— III. Antecedentes bibliográficos e históricos: las compilaciones oficiales (1874-1954).— IV. El contexto institucional previo: la Procuración del Tesoro (1922-1942).— V. El contexto organizacional: oficinas, funciones, herramientas y personas.— VI. La doctrina de los dictámenes de la Procuración del Tesoro.— VII. La Colección de Dictámenes de la Procuración del Tesoro, hoy.— VIII. Reflexiones finales. | ||
| 505 | _t¿Te interesa el texto completo? Comunicate al correo: koha@justierradelfuego.gov.ar | ||
| 650 | 0 |
_9211 _aDERECHO ADMINISTRATIVO |
|
| 650 | 0 |
_95546 _aDICTÁMENES |
|
| 650 | 0 | _aPROCURACION DEL TESORO | |
| 773 | 0 |
_02842 _93251 _dBuenos Aires : AbeledoPerrot, 2012- _oDA121 _tDerecho administrativo. Nº 152 marzo/abril 2024 _z18510590 |
|
| 942 |
_2udc _cANA |
||